000 00340nam a2200133Ia 4500
008 231129s9999||||xx |||||||||||||| ||spa||
020 _a84-3229-8314-4
040 _bspa
082 _a745.56 M561r
100 _aMeriel-Bussy Yves
245 0 _aRepujando el metal
264 _aCeac
942 _2ddc
_cBKS
999 _c24002
_d24002